14 ideas clave: el trabajo en equipo del profesorado

Uloženo v:
Podrobná bibliografie
Hlavní autor: López Hernández, Ana (autora)
Médium: Kniha
Jazyk:španělština
Vydáno: Barcelona Graó 2007
Vydání:1a. ed
Edice:Colección Ideas Clave, 2
Témata:
Tagy: Přidat tag
Žádné tagy, Buďte první, kdo vytvoří štítek k tomuto záznamu!

MARC

LEADER 00000nam a2200000 a 4500
001 UCI8632
003 CL-VaPUC
008 080911e20070000SP |||||||||||||||||spa|d
020 |a 9788478274741 
082 0 4 |a 371.102  |b LOP  |2 21 
100 |a López Hernández, Ana  |e autora  |9 532157 
245 1 0 |a 14 ideas clave: el trabajo en equipo del profesorado 
250 |a 1a. ed 
300 |a 197 p 
942 |c BK 
945 |d 20080911 00:00:00  |a jtorresc 
260 |a Barcelona  |b Graó  |c 2007 
650 0 |a Formación de profesores  |9 338945 
650 0 |a Profesores   |9 308968 
650 7 |a RENOVACION PEDAGOGICA  |2 CL-VaPUC  |9 524784 
650 7 |a CAPACITACION DEL PERSONAL DE EDUCACION  |2 CL-VaPUC  |9 335008 
583 |a last modification  |c 20080911 00:00:00  |k Rodrigo Vera 
490 0 |a Colección Ideas Clave, 2 
999 |c 331448  |d 331446 
952 |0 0  |1 0  |4 0  |6 371_102000000000000_LOP_2007  |7 0  |8 A  |9 418120  |a BIBEDU  |b BIBEDU  |d 2019-11-22  |i 4480244  |o 371.102 LOP 2007  |p 4480244  |r 2019-11-22  |w 2019-11-22  |y BK  |k PSI